Погремушка (Запись № 1788280)

Подробности
000 -МАРКЕР
контрольное поле 01102nam0a2200289 4500
001 - ИДЕНТИФИКАТОР ЗАПИСИ
контрольное поле RU\NLR\bibl\1506058
005 - ИДЕНТИФИКАТОР ВЕРСИИ
контрольное поле 20260406131426.0
010 ## - МЕЖДУНАРОДНЫЙ СТАНДАРТНЫЙ НОМЕР КНИГИ (ISBN)
Номер (ISBN) 978-5-9951-0652-4
Тираж 30000
021 ## - НОМЕР ГОСУДАРСТВЕННОЙ РЕГИСТРАЦИИ
Код страны Российская Федерация
Номер 2010-17956
Номер Листа государственной регистраци 1204
021 ## - НОМЕР ГОСУДАРСТВЕННОЙ РЕГИСТРАЦИИ
Код страны Российская Федерация
Номер 2013-7480
Номер Листа государственной регистраци 538
035 ## - ДРУГИЕ СИСТЕМНЫЕ НОМЕРА
Идентификатор записи (NLR Aleph) 001497480
100 ## - ДАННЫЕ ОБЩЕЙ ОБРАБОТКИ
Данные общей обработки 20100428d2010 |||y0rusy50 ca
101 0# - ЯЗЫК РЕСУРСА
Язык текста, звукозаписи и т.д. русский
102 ## - СТРАНА ПУБЛИКАЦИИ ИЛИ ПРОИЗВОДСТВА
Страна публикации Российская Федерация
105 ## - ПОЛЕ КОДИРОВАННЫХ ДАННЫХ: ТЕКСТОВЫЕ МАТЕРИАЛЫ, МОНОГРАФИЧЕСКИЕ
Кодированные данные о монографическом текстовом документе a |||||||||
200 1# - ЗАГЛАВИЕ И СВЕДЕНИЯ ОБ ОТВЕТСТВЕННОСТИ
Основное заглавие Погремушка
Сведения, относящиеся к заглавию [стихи
-- для чтения взрослыми детям]
Первые сведения об ответственности Агния Барто
Последующие сведения об ответственности [худож. Н. Субочева]
210 ## - ПУБЛИКАЦИЯ, РАСПРОСТРАНЕНИЕ И ДР.
Место издания, распространения и т.д. Москва
Имя издателя, распространителя и т. д. Стрекоза
Дата издания, распространения и т.д. 2010
215 ## - ФИЗИЧЕСКАЯ ХАРАКТЕРИСТИКА
Специфическое обозначение материала и объем [10] с.
Другие сведения о физической характеристике цв. ил.
Размеры 21
225 1# - СЕРИЯ
Основное заглавие серии Читаем малышам
700 #1 - ИМЯ ЛИЦА - ПЕРВИЧНАЯ ОТВЕТСТВЕННОСТЬ
Код отношения Автор
Графика поля Кириллица
Материалы, к которым относится поле rus
Начальный элемент ввода Барто
Часть имени, кроме начального элемента ввода А. Л.
Даты 1906-1981
Расширение инициалов личного имени Агния Львовна
Системный номер авторитетной/нормативной записи 111548
Идентификатор авторитетной/нормативной записи RU\NLR\auth\771526
702 #1 - ИМЯ ЛИЦА - ВТОРИЧНАЯ ОТВЕТСТВЕННОСТЬ
Код отношения Иллюстратор
Графика поля Кириллица
Материалы, к которым относится поле rus
Начальный элемент ввода Субочева
Часть имени, кроме начального элемента ввода Н. С.
Дополнения к именам, кроме дат иллюстратор
Расширение инициалов личного имени Наталия Станиславовна
Системный номер авторитетной/нормативной записи 67326
Идентификатор авторитетной/нормативной записи RU\NLR\auth\7784398
801 #0 - ИСТОЧНИК ЗАПИСИ
Страна Российская Федерация
Организация NLR
Дата составления 20100428
Правила каталогизации RCR
801 #1 - ИСТОЧНИК ЗАПИСИ
Страна Российская Федерация
Организация NLR
Дата составления 20100428
942 ## - ДОПОЛНИТЕЛЬНЫЕ ЭЛЕМЕНТЫ ЗАПИСИ (АБИС)
Тип экземпляра АБИС Книга
980 ## - КОЛЛЕКЦИЯ
Название коллекции Национальная библиография
Экземпляры
Тип экземпляра Дата поступления Источник поступления Библиотека постоянного хранения Библиотека текущего хранения Место хранения Шифр хранения Штрих-код Статус экземпляра
Книга 28.04.2010 Обязательный экземпляр РНБ (Московский) РНБ (Московский) Русский книжный фонд: издания с 1957 года 2010-4/6085 3162295  
Книга 28.04.2010 Обязательный экземпляр РНБ (Московский) РНБ (Московский) Обменный фонд   3162296  
Книга 01.03.2013 Обязательный экземпляр РНБ (Московский) РНБ (Московский) Обменный фонд   3837425  
Книга 01.03.2013 Обязательный экземпляр РНБ (Московский) РНБ (Московский) Обменный фонд   3837427